Северная война - Statistics

General Stats
  • This quiz has been taken 2 times
  • The average score is 24 of 39
Answer Stats
Вопрос Ответ % Correct
Нарвская конфузия 1700
100%
Бой при Эрестфере 1701
100%
Осада Нотебурга 1702
100%
Основание Санкт-Петербурга 1703
100%
Взятие русскими Ниеншанца 1703
100%
Полтавское сражение 1709
100%
Восстановление Северного союза 1709
100%
Гангутское сражение 1714
100%
Гибель Карла XII 1718
100%
Гренгамское сражение 1720
100%
Ништадский мир 1721
100%
Место встречи Петра I и Августа IIво время Северной войны. Равва-Русская
50%
Русский ученый и изобретатель,сделавший мозаику с Полтавским сражением. Михаил Ломоносов
50%
Малороссийский гетман Войска Запорожского, предавший Петра I перед Полтавской битвой. Иван Мазепа
50%
Санкт-Петербургский генерал-губернатор (1703-1724), один из командиров русских войск при осадах Нотебурга, Ниеншанца, сражениях при Калише, Лесной, Полтаве. Александр Меншиков
50%
Первый фельдмаршал в истории России за битву при Эрестфере, командир русскими войсками в Прутском походе. Борис Шереметев
50%
Граф шотландского происхождения, руководитель навигацкой школы, реформатор артиллерии. Участник Аландского конгресса, подписант Ништадского мира. Яков Брюс
50%
Дипломат, попавший в 1723 годув опалу, подписант Прутского мира, подготовивший условие Ништадтского мира. Петр Шафиров
50%
Президент Адмиралтейств-коллегии(1717-1728), участник Гангутского сражения. Федор Апраксин
50%
Вице-канцлер Российской Империи(1725-1741), участник Аландского конгресса, подписант Ништадского мира. Андрей Остерман
50%
Генерал-фельдмаршал, главнокомандующий русским флотом в Гренгамском сражении. Михаил Голицын
50%
Создание Северного союза 1699
50%
Взятие Нарвы и Дерпта 1704
50%
рекруты короче 1705
50%
Победа под Калишем 1706
50%
Альтранштадтский мир 1706
50%
Битва при Лесной 1708
50%
Взятие Выборга, Риги и Ревеля русскими 1710
50%
Прутский поход 1711
50%
Адрианопольский мир 1713
50%
Встреча Петра I и Августа IIво время Северной войны 1716
50%
Аландский конгресс 1718-1719
50%
Высадки русских войск на шведское побережье 1719
50%
Королева Швеции (1718-1720),глава партии оппозиционной подписанию мира с Россией. УльрикаЭлеонора
50%
Курфюрст Саксонии (1694-1733),друг Петра I, гнул с ним ложки во время Великого посольства. Август II
50%
Король Швеции (1697-1718),гениальный стратег своего времени, убит шальной пулей во время сражения. Карл XII
50%
Первый канцлер Российской империи (1709-1734), возглавлял Посольский приказ (1706-1717), первый президент Коллегии иностранных дел (1717–1734). Гавриил Головкин
0%
Дьяк Посольского приказа (1700-1706), первый кавалер ордена св. Андрея Первозванного. Федор Головин
0%
Польский король, великий князь литовский (1704-1709, 1733-1734), сторонник Карла XII Станислав Лещинский
0%
No matching quizzes found
Score Distribution
Percent of People with Each Score
Percentile by Number Answered
Your Score History
You have not taken this quiz